002860000a220008500045001000027000007000021000272450110000480410013001587730029001711 aTorres Mejia, Mauricio1 aVari, Richard P.10aNew species of Creagrutus (Teleostei: Characiformes: Characidae) from the Río Magdalena Basin, Colombia0 aInglés1 tCopeiah4q812-817d2005